|
|
|
|
| LEADER |
00921nam a22002771a 4500 |
| 001 |
000034596 |
| 003 |
10801 |
| 005 |
20210424153623.0 |
| 008 |
151027s1993 000 eng |
| 041 |
|
|
|a eng
|
| 082 |
|
|
|a 428
|b SI-S
|
| 100 |
|
|
|a Silberstein, Sandra
|
| 245 |
|
0 |
|a Tesol Quarterly, Volume 27 /
|c Sandra Silberstein
|n Volume 27
|
| 260 |
|
|
|b Georgetown University Washington, DC
|a USA,
|c 1993.
|
| 300 |
|
|
|a 783tr. : ;
|c 25cm.
|
| 650 |
|
|
|a Tesol Quarterly
|
| 653 |
|
|
|a Tesol
|
| OWN |
|
|
|a LNN
|
| 902 |
|
|
|a TKA
|
| AVA |
|
|
|a UDN50
|b LNN
|c English
|d 428 SI-S
|e available
|t Error 5001 Not defined in file expand_doc_bib_avail.
|f 1
|g 0
|h N
|i 0
|j AN
|
| 999 |
|
|
|a From the UDN01
|
| AVA |
|
|
|a UDN50
|b LNN
|c English
|d 428 SI-S
|e available
|t Error 5001 Not defined in file expand_doc_bib_avail.
|f 1
|g 0
|h N
|i 0
|j AN
|
| TYP |
|
|
|a Monograph
|
| 980 |
|
|
|a Mạng thư viện Đại học Đà Nẵng
|